|
|
|
|
| LEADER |
00000cam a2200000 7i4500 |
| 001 |
0000001068 |
| 005 |
20131215.0 |
| 020 |
0 |
0 |
|a 9676105589
|
| 090 |
0 |
0 |
|a R004.3
|b GOH 1998
|
| 100 |
1 |
0 |
|a GOH
|h Ong Sing
|
| 245 |
1 |
0 |
|a Kamus komputer dan teknologi maklumat
|c Goh Ong Sing, Farid Ahmad
|
| 260 |
0 |
0 |
|a Kuala Lumpur :
|b Utusan Pub. & Dist. ,
|c 1998
|
| 300 |
|
|
|a vii, 334 p. :
|b ill. ;
|c 19 cm.
|
| 440 |
0 |
0 |
|a Siri kursus komputer
|
| 500 |
0 |
0 |
|a Bibliography : [p. 333-334]
|
| 650 |
0 |
0 |
|a Computers
|x Dictionaries
|
| 650 |
0 |
0 |
|a Inforemation technology
|x Dictionaries
|
| 700 |
0 |
1 |
|a Farid Ahmad
|
| 998 |
|
|
|a JPSM
|
| 999 |
|
|
|a 0000002009
|b Monograph
|c Reference
|e Default branch
|